| Tag |
First Indicator |
Second Indicator |
Subfields |
| LEADER |
00000cam a2200000 4500 |
| 001 |
in00000037092 |
| 005 |
20151007070415.0 |
| 008 |
730109s1962 nyuab b 10000 eng u |
| 010 |
|
|
|a 62021142
|
| 035 |
|
|
|a (OCoLC)00531410
|
| 035 |
|
|
|9 AAE3955AM
|
| 040 |
|
|
|c WSU
|d TXA
|d UtOrBLW
|
| 049 |
|
|
|a TXAM
|c [400167]
|
| 050 |
|
0 |
|a QB3
|b .S73 1961
|
| 092 |
|
|
|a 523.063
|b S732s, 1962
|
| 111 |
2 |
|
|a Space Age Astronomy Symposium
|d (1961 :
|c Pasadena, Calif.)
|
| 245 |
1 |
0 |
|a Space age astronomy ;
|b an international symposium sponsored by Douglas Aircraft Company, inc., August 7-9, 1961, at the California Institute of Technology in conjunction with the XI General Assembly of the International Astronomical Union /
|c Edited by Armin J. Deutsch [and] Wolfgang B. Klemperer.
|
| 264 |
|
1 |
|a New York :
|b Academic Press,
|c 1962.
|
| 300 |
|
|
|a xxi, 531 pages :
|b illustrations, maps, diagrams, tables. ;
|c 24 cm.
|
| 336 |
|
|
|a text
|b txt
|2 rdacontent
|
| 337 |
|
|
|a unmediated
|b n
|2 rdamedia
|
| 338 |
|
|
|a volume
|b nc
|2 rdacarrier
|
| 500 |
|
|
|a Erratum slip inserted.
|
| 504 |
|
|
|a Includes bibliographies.
|
| 650 |
|
0 |
|a Astronomy
|v Congresses.
|
| 651 |
|
0 |
|a Outer space
|x Exploration
|x Congresses.
|
| 700 |
1 |
|
|a Deutsch, Armin J.
|q (Armin Joseph),
|d 1918-
|
| 700 |
1 |
|
|a Klemperer, Wolfgang B.
|q (Wolfgang Benjamin),
|d 1893-
|
| 710 |
2 |
|
|a Douglas Aircraft Company, inc.
|
| 710 |
2 |
|
|a California Institute of Technology.
|
| 740 |
0 |
|
|a Symposium on space age astronomy.
|
| 999 |
|
|
|a MARS
|
| 999 |
f |
f |
|s 80c363ce-f1b2-3ba9-973f-f0153adba622
|i 53d8b249-9168-3b4d-aa9c-201d9dfed293
|t 0
|
| 952 |
f |
f |
|p ric
|a Texas A&M University
|b Rellis Campus
|c Joint Library Facility
|d Remote Storage
|t 0
|e QB3 .S73 1961
|h Library of Congress classification
|i unmediated -- volume
|m A14800900671
|
| 998 |
f |
f |
|a QB3 .S73 1961
|t 0
|l Remote Storage
|